| 000 | 01000nam a22002537a 4500 | ||
|---|---|---|---|
| 001 | 7274 | ||
| 003 | FISKH | ||
| 005 | 20250707104339.0 | ||
| 008 | 250707b cb ||||| |||| 00| 0 eng d | ||
| 020 | _a9780688115128 | ||
| 040 |
_aFISKH _beng _cFISKH _dFISKH |
||
| 050 | _aE101 .M29 | ||
| 082 | _a917.041 | ||
| 100 | _aMaestro, Betsy | ||
| 245 |
_aThe discovery of the Americas: _bFrom prehistory through the age of Columbus / _cBy Betsy and Giulo Maestro |
||
| 250 | _aFirst Paperback edition 1992 | ||
| 260 |
_aNew York : _bHarper Collins Publisher, _c1991 |
||
| 300 |
_a48 pages : _bcolor illustrations ; _c28 cm |
||
| 520 | _aDiscusses both hypothetical and historical voyages of discovery to America by the Phoenicians, Saint Brendan of Ireland, the Vikings, and such later European navigators as Columbus, Cabot, and Magellan. | ||
| 650 |
_aChristopher Columbus _vAmerican history _xDiscovery of America |
||
| 700 |
_aMaestro, Giulo _eAuthor |
||
| 942 |
_2ddc _cBK _n0 |
||
| 999 |
_c7274 _d7274 |
||